| Tag |
First Indicator |
Second Indicator |
Subfields |
| LEADER |
00000cas a22000007a 4500 |
| 001 |
in00003539321 |
| 005 |
20151105223845.0 |
| 007 |
hd afb---bucu |
| 007 |
hd afb---baca |
| 008 |
881215u19uuuuuucaumx p a 0 0eng c |
| 010 |
|
|
|a sn 88022705
|
| 035 |
|
|
|a (OCoLC)ocm18905141
|
| 040 |
|
|
|a IUL
|b eng
|c IUL
|d OCLCQ
|d DLC
|d OCLCQ
|d OCLCF
|d OCLCO
|d TXA
|d UtOrBLW
|
| 041 |
0 |
|
|a eng
|a spa
|
| 042 |
|
|
|a pcc
|
| 043 |
|
|
|a n-us-ca
|
| 049 |
|
|
|a TXAM
|
| 050 |
0 |
0 |
|a Newspaper
|
| 050 |
1 |
4 |
|a E184.M5
|b C4535 Sec. 5, roll 65
|
| 130 |
0 |
|
|a Aguila (Susanville, Calif.)
|
| 245 |
1 |
3 |
|a El águila /
|c Mexican-American Culture Group.
|
| 264 |
|
1 |
|a Susanville, Calif. :
|b The Group.
|
| 300 |
|
|
|a volumes :
|b illustrations
|
| 310 |
|
|
|a Monthly (irregular)
|
| 336 |
|
|
|a text
|b txt
|2 rdacontent
|
| 337 |
|
|
|a microform
|b h
|2 rdamedia
|
| 338 |
|
|
|a microfilm reel
|b hd
|2 rdacarrier
|
| 515 |
|
|
|a Publication suspended Mar.-Apr. 1974.
|
| 546 |
|
|
|a Chiefly in English; some also in Spanish.
|
| 550 |
|
|
|a Issues for Jan. 1972-<May 1974> published by: Raza Unida (Organization : Susanville, Calif.).
|
| 588 |
|
|
|a Description based on: Marzo 1970; title from cover.
|
| 588 |
|
|
|a Latest issue consulted: Mayo 1974.
|
| 533 |
|
|
|a Microfilm.
|b Palo Alto, Calif. :
|c Filmed by Bay Microfilm, Inc., Library Microfilms Division, [in conjunction with the Chicano Studies Collections, University of California, Berkeley].
|e 1 microfilm reel ; 35 mm.
|f (Chicano serials collection ; Sec. 5, roll 65)
|n With the exception of April 1976, this collection represents all known issues.
|
| 500 |
|
|
|a Microform.
|
| 650 |
|
0 |
|a Mexican Americans
|z California
|v Periodicals.
|
| 650 |
|
7 |
|a Mexican Americans.
|2 fast
|0 (OCoLC)fst01019072
|
| 651 |
|
7 |
|a California.
|2 fast
|0 (OCoLC)fst01204928
|
| 655 |
|
7 |
|a Periodicals.
|2 fast
|0 (OCoLC)fst01411641
|
| 710 |
2 |
|
|a Mexican-American Culture Group (Susanville, Calif.)
|
| 710 |
2 |
|
|a Raza Unida (Organization : Susanville, Calif.)
|
| 776 |
1 |
|
|t Aguila (Susanville, Calif.)
|w (OCoLC)35724547
|
| 830 |
|
0 |
|a Chicano serials collection ;
|v Sec. 5, roll 65.
|
| 850 |
|
|
|a DLC
|a InU
|
| 994 |
|
|
|a C0
|b TXA
|
| 948 |
|
|
|a cataloged
|b h
|c 2015/7/8
|d c
|e coplinger
|f 12:34:23 pm
|
| 999 |
|
|
|a MARS
|
| 999 |
f |
f |
|s 3fcfd097-acc7-3a9d-8271-5d40b3067643
|i 974ebf96-a6b4-3ee9-8637-112c6463364f
|t 0
|
| 952 |
f |
f |
|a Texas A&M University
|b College Station
|c Sterling C. Evans Library
|d Evans: Microforms Film (3rd floor)
|t 0
|e E184.M5 C4535 Sec. 5, roll 65
|h Library of Congress classification
|
| 998 |
f |
f |
|a E184.M5 C4535 Sec. 5, roll 65
|s 1974:Jan.-Feb.;May
|t 0
|l Evans: Microforms Film (3rd floor)
|